| 000 | 00857nam a2200193 i 4500 | ||
|---|---|---|---|
| 001 | 159614 | ||
| 003 | ES-MaACL | ||
| 005 | 20260306063016.0 | ||
| 008 | 950419s1863 sp |||| | spa d | ||
| 100 | 1 |
_aMichiels, Alfred, _d1813-1892 _9129898 |
|
| 245 | 1 | 0 |
_aHistoria secreta del gobierno de Austria / _cpor Alfredo Michiels ; traducida para el FolletÃn de las Novedades. |
| 260 |
_aMadrid : _b[s.n.], _c1863 ( _fImp. de las Novedades, a cargo de A. Querol) |
||
| 300 |
_a2 t. en 1 v. (208 ; 197 p.) ; _c20 cm. |
||
| 530 | _aDisponible en formato digital. | ||
| 651 | 4 |
_aAustria- _xHistoria. _9137062 |
|
| 852 |
_aES-MaACL _jG-8971 _z- Enc. hol. |
||
| 856 |
_uhttps://books.google.es/books/ucm?vid=UCM531941111X&printsec=frontcover&redir_esc=y#v=onepage&q&f=false _zBiblioteca de la Universidad Complutense de Madrid |
||
| 999 |
_c159614 _d159614 |
||